000 00627cam a22002294a 4500
003 UPN
005 20240803063751.0
008 090204s1987 es r 000 f spa d
020 _a8426123147
035 _aUPN01000168731
040 _aUPN
_bspa
_cUPN
049 _aCG
050 _aPQ6662 I5.2
_bE7.3
100 1 _aLinares-Becerra, Concha,
_d1940-2009
_943344
245 1 0 _aEscándalo en mi universo /
_cConcha Linares-Becerra.
260 _aBarcelona, Esp. :
_bJuventud,
_c1987.
300 _a190 p.
650 4 _aNovela española
_910814
650 4 _aNOVELA ROMANTICA
_98961
905 _aLibro
942 _2lcc
_cLIBRO
999 _c140837
_d140837